000 00628cab a2200217 4500
001 WB2814-46
008 090401t1992 xxu||||| |||| 00| 0 eng d
035 _a(Sirsi) u69093
041 _aeng
245 _aTimeshare Act 1992
260 _c1992
350 _a0
490 _aNew Law Journal
_v142(6545) 27 March 1992, 418(1)
520 _aThe new Act extends the cooling off period and makes provisions to ease the cancellation procedure.
650 _aCOOLING OFF PERIOD
650 _aTIMESHARE ACT 1992
650 _aTIMESHARE PROPERTY
690 _aPROPERTY LAW AND PRACTICE
942 _n0
948 _c04/03/1997
999 _c43400
_d43400